00623naa a2200205 uc450000100070000000500170000700800410002403500110006504000130007604100080008908200080009710000390010524500510014426000430019530000140023865000250025265000260027770000380030377300760034153202120240416091823.0990828s1992 spa  a532021 ccomduadb aspa 4a15510aRodriguez de Mesa, Doris4auteaut13aEl porque de la agresion en los ninos normales aMedellín :b[sin publicador],c1992. ap.113-201 aAgresividad infantil 7aPsicoanálisis2lemb10aMaldonado Cardona, Aida4auteaut0 tSeminario de grado agresividad y psicoanalisisgp.113-201w69748012902